Theory of Machines (Record no. 5098)

MARC details
000 -LEADER
fixed length control field 00424nam a22001697a 4500
005 - DATE AND TIME OF LATEST TRANSACTION
control field 20171004155256.0
008 - FIXED-LENGTH DATA ELEMENTS--GENERAL INFORMATION
fixed length control field 160701b xxu||||| |||| 00| 0 eng d
020 ## - INTERNATIONAL STANDARD BOOK NUMBER
ISBN 978-81-9252-42
041 ## - LANGUAGE CODE
Language code of text/sound track or separate title eng
082 ## - DEWEY DECIMAL CLASSIFICATION NUMBER
Item number 20622
100 ## - MAIN ENTRY--AUTHOR NAME
Personal name Kurmi,R.s & Gupta, J.K
245 ## - TITLE STATEMENT
Title Theory of Machines
260 ## - PUBLICATION, DISTRIBUTION, ETC. (IMPRINT)
Place of publication New Delhi
Name of publisher Sultan Chand & Sons,
Year of publication 2015
300 ## - PHYSICAL DESCRIPTION
Number of Pages 1062
650 ## - SUBJECT ADDED ENTRY--TOPICAL TERM
Topical Term Diploma Engineering
942 ## - ADDED ENTRY ELEMENTS (KOHA)
Koha item type Books
Holdings
Lost status Damaged status Collection code Home library Current library Shelving location Date acquired Cost, normal purchase price Accession Number Koha item type Full call number
    Reference JRU Library   SHELF -72 - I 01/07/2016 825.00 20622 Books  
      JRU Library   SHELF-43-J 01/07/2016 825.00 20623 Books 20622
      JRU Library   SHELF-43-J 01/07/2016 825.00 20624 Books 20622
      JRU Library   SHELF-43-J 01/07/2016 825.00 20625 Books 20622
      JRU Library   SHELF-43-J 01/07/2016 825.00 20626 Books 20622
      JRU Library   SHELF-43-J 01/07/2016 825.00 20627 Books 20622
      JRU Library   SHELF-43-J 01/07/2016 825.00 20628 Books 20622
      JRU Library   SHELF-43-J 01/07/2016 825.00 20629 Books 20622
      JRU Library   SHELF-43-J 01/07/2016 825.00 20630 Books 20622
      JRU Library   SHELF-43-J 01/07/2016 825.00 20631 Books 20622
      JRU Library     01/07/2016 825.00 20632 Books 20622
      JRU Library   SHELF-43-J 01/07/2016 825.00 20633 Books 20622
      JRU Library   SHELF-43-J 01/07/2016 825.00 20634 Books 20622
      JRU Library   SHELF-43-J 01/07/2016 825.00 20635 Books 20622
      JRU Library   SHELF-43-J 01/07/2016 825.00 20636 Books 20622
    MINING JRU Library JRU Library SHELF-58-F 01/07/2016 825.00 20637 Books 20622
      JRU Library   SHELF-43-J 01/07/2016 825.00 20638 Books 20622
      JRU Library   SHELF-43-J 01/07/2016 825.00 20639 Books 20622
      JRU Library   SHELF-43-J 01/07/2016 825.00 20640 Books 20622
      JRU Library   SHELF-43-J 01/07/2016 825.00 20641 Books 20622